000
00303nam a2200121Ia 4500
008
190216s9999||||xx |||||||||||||| ||und||
100
_a
Maurice Sussman
245
0
_a
Animal Growth And Development
260
_b
Prentice Hall Of India Pvt Ltd
_c
1958
300
_a
113p
650
_a
Zoology
942
_c
BK
999
_c
37297
_d
37297